Desechos urbanos / (Record no. 176957)

MARC details
000 -LEADER
campo de control de longitud fija 00724nam a22001935i 4500
001 - NÚMERO DE CONTROL
campo de control 176957
003 - IDENTIFICADOR DE NÚMERO DE CONTROL
campo de control ES-MaACL
005 - FECHA Y HORA DE LA ÚLTIMA TRANSACCIÓN
campo de control 20230906220223.0
008 - DATOS DE LONGITUD FIJA--INFORMACIÓN GENERAL
campo de control de longitud fija 110221s2009 sp a |||| | spa d
020 ## - NÚMERO INTERNACIONAL ESTÁNDAR DEL LIBRO
Número Internacional Estándar del Libro 978-84-612-8859-5
080 ## - NÚMERO DE LA CLASIFICACIÓN DECIMAL UNIVERSAL
Número de la Clasificación Decimal Universal 821.134.2-34"19"
100 1# - ENTRADA PRINCIPAL--NOMBRE DE PERSONA
Nombre de persona Ávila Martino, Rubén.
9 (RLIN) 145294
245 10 - MENCIÓN DEL TÍTULO
Título Desechos urbanos /
Mención de responsabilidad, etc. autores: Rubén Ávila Martino, Salvador Navarro Zamorano, Isabel Navarro Reynés ; ilustración y diseño: Isabel Navarro Reynés.
260 ## - PUBLICACIÓN, DISTRIBUCIÓN, ETC.
Lugar de publicación, distribución, etc. [Llubí, Baleares] :
Nombre del editor, distribuidor, etc. Salvador Navarro Zamorano,
Fecha de publicación, distribución, etc. D. L. 2009.
300 ## - DESCRIPCIÓN FÍSICA
Extensión 169 p. :
Otras características físicas il. col. ;
Dimensiones 21 cm.
700 0# - ENTRADA AGREGADA--NOMBRE PERSONAL
Nombre de persona Navarro Zamorano, Salvador.
9 (RLIN) 85196
700 1# - ENTRADA AGREGADA--NOMBRE PERSONAL
Nombre de persona Navarro Reynés, Isabel.
9 (RLIN) 143821
852 ## - LOCALIZACIÓN
Ubicación ES-MaACL
Número de control de estantería E-14379
Holdings
Estatus retirado Estado de pérdida Estado de daño No para préstamo Biblioteca de origen Biblioteca actual Ubicación en estantería Fecha de adquisición Fuente de adquisición Total de préstamos Signatura topográfica completa Código de barras Visto por última vez Precio de reemplazo Tipo de ítem Koha
        Biblioteca del Ateneo de Madrid Biblioteca del Ateneo de Madrid Depósito 2 21/02/2011     E-14379 1185858 23/02/2023 23/02/2023 Libro impreso